Loading...

Handbook of meat product technology

Bibliographic Details
Main Author: M d Ranken
Format: Printed Book
Language:Undetermined
Published: Blackwell science 2000
U K
LEADER 00609nam a2200217Ia 4500
008 141122s9999 xx 000 0 und d
020 |a 632053771 
040 |c . 
041 |a English 
082 |a 664.9 
082 |b RAN/HA 
100 |a M d Ranken 
245 |a Handbook of meat product technology 
245 |c M d Ranken 
260 |b Blackwell science 
260 |b U K 
260 |c 2000 
300 |a 212 Pages 
942 |c REF 
999 |c 1403  |d 1403 
952 |0 0  |1 0  |2 ddc  |4 0  |6 664_900000000000000_RANHA  |7 0  |9 1390  |a COVAS  |b COVAS  |d 0000-00-00  |l 15  |m 7  |o 664.9 RAN/HA  |p 16451  |r 2017-11-24  |s 2017-11-10  |w 2014-11-26  |y BK